logo

Bir Sreshtho Munshi Abdur Rouf Library
Jhenaidah Cadet College

দি ইণ্ডিয়ান মুসলমানস / (Record no. 4501)

MARC details
000 -LEADER
fixed length control field 00770nam a2200229 a 4500
001 - CONTROL NUMBER
JCCL Control Number 4501
003 - CONTROL NUMBER IDENTIFIER
JCCL marc code BD-JhCC
005 - DATE AND TIME OF LATEST TRANSACTION
control field 20180217185140.0
008 - FIXED-LENGTH DATA ELEMENTS--GENERAL INFORMATION
fixed length control field 171127s1370 bg |||| ||a| 001 0 ben d
035 ## - SYSTEM CONTROL NUMBER
system control number (BD-JhCC)4501
040 ## - CATALOGING SOURCE
Original cataloging agency BD-JhCC
Modifying agency BD-JhCC
041 ## - LANGUAGE CODE
Language code of Book ben
082 ## - DEWEY DECIMAL CLASSIFICATION NUMBER
Classification number 954.03
Author mark and Year HAN 1370
100 ## - MAIN ENTRY--PERSONAL NAME
Personal name হান্টার, উইলিয়াম
245 ## - TITLE STATEMENT
Title দি ইণ্ডিয়ান মুসলমানস /
Statement of responsibility, etc উইলিয়াম হান্টার; আবদুল মওদুদ (অনুদিত)
260 ## - PUBLICATION, DISTRIBUTION, ETC. (IMPRINT)
Place of publication, distribution, etc ঢাকা :
Name of publisher, distributor, etc বাংলা একাডেমী,
Date of publication, distribution, etc 1370.
300 ## - PHYSICAL DESCRIPTION
Pagination 216 p. :
Dimensions 22 cm.
650 ## - SUBJECT ADDED ENTRY--TOPICAL TERM
Topical term or geographic name as entry element Muslim India
700 ## - ADDED ENTRY--PERSONAL NAME
Personal name মওদুদ, আবদুল
942 ## - ADDED ENTRY ELEMENTS (KOHA)
Source of classification or shelving scheme Dewey Decimal Classification
Koha item type Books
Holdings
Source of classification or shelving scheme Damaged status Not for loan Home library Current library Shelving location Date of accession Cost, normal purchase price Total Checkouts Full call number Barcode Date last seen Copy number Koha item type
Dewey Decimal Classification     JCC Rouf Library JCC Rouf Library General Stacks 11/27/2017 5.50   954.03 HAN 1370 6372 11/27/2017 C-1 Books
Dewey Decimal Classification     JCC Rouf Library JCC Rouf Library General Stacks 01/31/2018 6.50   954.03 HAN 1370 9452 01/31/2018 C-2 Books
Dewey Decimal Classification     JCC Rouf Library JCC Rouf Library General Stacks 03/07/2018 6.50   954.03 HAN 1370 11008 03/07/2018 C-3 Books

JCC Library | Contacts | JCC Home

Last Update on 23 September 2017
Copyright @ 2017-2020 JCC Rouf Library
Rouf Library, Jhenidah Cadet College (JCC), Bangladesh